Statistics for Countries With The Most Obese People

Click here to take the quiz!

General Stats

  • This quiz has been taken 33 times
  • The average score is 19 of 25

Answer Stats

Total%Country% Correct
19,1 mil28.2United Kingdom
97%
145,9 mil42.8United States
97%
43,3 mil33.4Mexico
93%
57,1 mil4.2China
90%
33,5 mil23.1Russia
90%
64,6 mil29.6Brazil
87%
18.5 mil22.3Germany
87%
55,6 mil3.9India
87%
10,8 mil18.4Italy
87%
11,4 mil29.5Canada
83%
13,8 mil21.9France
83%
11,3 mil23.8Spain
83%
14,3 mil31.2Argentina
73%
28,2 mil9.8Indonesia
73%
19,9 mil8.9Nigeria
73%
29,3 mil34.2Turkey
73%
20,6 mil8.6Pakistan
70%
18,2 mil30.3South Africa
70%
23,3 mil26.1Iran
67%
13,5 mil36.6Saudi Arabia
67%
12,6 mil24.3Colombia
63%
41,4 mil36.8Egypt
63%
10,1 mil26.8Morocco
60%
12,4 mil27.4Algeria
57%
14,0 mil30.8Iraq
53%

Score Distribution

Percentile by Number Answered

Percent of People with Each Score

Your Score History

You have not taken this quiz